[Event "Stuttgart-chA int"]
[Site "Ditzingen"]
[Date "2014.05.30"]
[Round "3"]
[White "Pfeifer, Wilfried"]
[Black "Zeh, Dominik"]
[Result "0-1"]
[WhiteElo "2053"]
[BlackElo "1934"]
[PlyCount "76"]
[EventDate "2014.05.29"]
[EventType "swiss"]
[EventRounds "7"]
[EventCountry "GER"]
[SourceTitle "EXT 2015"]
[Source "ChessBase"]
[SourceDate "2014.11.20"]
[SourceVersion "1"]
[SourceVersionDate "2014.11.20"]
[SourceQuality "1"]

1. f4 d5 2. Nf3 Nf6 3. b3 g6 4. Bb2 Bg7 5. e3 0-0 6. Be2 c5 7. 0-0 Nc6 8. Ne5 Bd7 9. Bf3 Rc8 10. d3 e6 11. Qe2 Qe7 12. c4 Rfe8 13. Nd2 a6 14. Rac1 b5 15. Nxd7 Nxd7 16. Bxg7 Kxg7 17. cxd5 exd5 18. Rfe1 Qd6 19. Nb1 Nb6 20. Qb2+ f6 21. a3 d4 22. Bxc6 Rxc6 23. exd4 Rxe1+ 24. Rxe1 Qxd4+ 25. Qxd4 cxd4 26. Kf2 Nd5 27. Kf3 Ne3 28. Re2 f5 29. b4 Rc1 30. Rb2 Kf6 31. Nd2 Rc3 32. Nb3 Rxd3 33. Ke2 Rc3 34. g3 Nc4 35. Rb1 d3+ 36. Ke1 Rc2 37. Nc5 Re2+ 38. Kf1 Nd2+ 0-1

[Event "Stuttgart-chA int"]
[Site "Ditzingen"]
[Date "2014.05.30"]
[Round "4"]
[White "Zeh, Dominik"]
[Black "Schwab, Matthias"]
[Result "1/2-1/2"]
[WhiteElo "1934"]
[BlackElo "2102"]
[PlyCount "56"]
[EventDate "2014.05.29"]
[EventType "swiss"]
[EventRounds "7"]
[EventCountry "GER"]
[SourceTitle "EXT 2015"]
[Source "ChessBase"]
[SourceDate "2014.11.20"]
[SourceVersion "1"]
[SourceVersionDate "2014.11.20"]
[SourceQuality "1"]

1. d4 Nf6 2. Bg5 Ne4 3. Bf4 c5 4. f3 Nf6 5. d5 d6 6. e4 g6 7. Nc3 Bg7 8. Qd2 a6 9. Bh6 0-0 10. Bxg7 Kxg7 11. g4 e5 12. Nge2 Ne8 13. Ng3 Qh4 14. Qf2 Kh8 15. 0-0-0 Ng7 16. Qe3 b5 17. Be2 f6 18. Rdf1 Qg5 19. Qxg5 fxg5 20. h4 gxh4 21. Rxh4 Ra7 22. Nd1 Raf7 23. Ne3 Ne8 24. Kd2 Kg7 25. Rfh1 Kh8 26. Rf1 Nf6 27. Ra1 Rb7 28. a4 b4 1/2-1/2

[Event "Stuttgart-chA int"]
[Site "Ditzingen"]
[Date "2014.05.29"]
[Round "2"]
[White "Andreev, Vlad"]
[Black "Zeh, Dominik"]
[Result "1/2-1/2"]
[WhiteElo "2046"]
[BlackElo "1934"]
[PlyCount "101"]
[EventDate "2014.05.29"]
[EventType "swiss"]
[EventRounds "7"]
[EventCountry "GER"]
[SourceTitle "EXT 2015"]
[Source "ChessBase"]
[SourceDate "2014.11.20"]
[SourceVersion "1"]
[SourceVersionDate "2014.11.20"]
[SourceQuality "1"]

1. d4 Nf6 2. c4 e6 3. Nc3 Bb4 4. g3 d5 5. Bg2 c6 6. Nf3 Nbd7 7. Qb3 Bd6 8. 0-0 0-0 9. e4 Nxe4 10. Nxe4 dxe4 11. Ng5 Nf6 12. Nxe4 Nxe4 13. Bxe4 Be7 14. Be3 Bf6 15. Rad1 Qc7 16. d5 exd5 17. cxd5 cxd5 18. Bxd5 Bf5 19. Rc1 Qe5 20. Bc5 Rfd8 21. Bxb7 Rd3 22. Rc3 Rxc3 23. bxc3 Rd8 24. Bd4 Qe6 25. Qxe6 Bxe6 26. Bxf6 gxf6 27. a4 Rb8 28. Be4 Rc8 29. Rc1 f5 30. Bd3 Kg7 31. Kf1 Kf6 32. f4 Bc4 33. Be2 Ke6 34. Re1 Kf6 35. Rb1 Bxe2+ 36. Kxe2 Rc4 37. Rb4 Rxc3 38. Rb7 Rc2+ 39. Ke3 Rxh2 40. Rxa7 Rg2 41. Kf3 Ra2 42. a5 Ra3+ 43. Kg2 Ra2+ 44. Kh3 Ra1 45. Ra8 Ra2 46. a6 Ra1 47. g4 Ra3+ 48. Kh4 fxg4 49. Kxg4 h5+ 50. Kxh5 Kf5 51. Kh6 1/2-1/2